Nasce l'omosessualità : 1868 /

সংরক্ষণ করুন:
গ্রন্থ-পঞ্জীর বিবরন
প্রধান লেখক: Consoli, Massimo, 1945-2007
অন্যান্য লেখক: Kertbeny, Karoly Maria (con una lettera di)
বিন্যাস: গ্রন্থ
ভাষা:ইতালিয়
প্রকাশিত: Roma : Ianua, 2005
ট্যাগগুলো: ট্যাগ যুক্ত করুন
কোনো ট্যাগ নেই, প্রথমজন হিসাবে ট্যাগ করুন!

MARC

LEADER 00000nam a22000007i 4500
001 IT\ICCU\BVE\0534841
003 ItRI
005 20240227172144.0
008 101005s2005 it |||||| ||||| |||||c
040 |b ita  |c C 
041 7 |a ita  |2 ISO-639-2 
100 1 |a Consoli, Massimo,  |d 1945-2007  |0 IT\ICCU\CFIV\018183  |9 2 
245 1 0 |a Nasce l'omosessualità :  |b 1868 /  |c Massimo Consoli ; con una lettera di Karoly Maria Kertbeny a Karl Heinrich Ulrichs. 
260 |a Roma :  |b Ianua,  |c 2005 
300 |a 60 p. :  |b ill. ;  |c 21 cm 
700 |a Kertbeny, Karoly Maria  |c (con una lettera di) 
942 |2 ddc  |c BK 
952 |0 0  |1 0  |2 ddc  |4 0  |6 306_766000000000000_CON_NAS  |7 1  |9 1053  |a RA  |b RA  |d 2024-03-20  |l 0  |o 306.766 CON NAS  |p 9164  |r 2024-03-20 16:14:40  |w 2024-03-20  |y BK 
981 1 |6 z01  |a i   |b xxxe  
982 1 |6 z01  |a n 
999 |c 416  |d 416